[Event "CRO-chT3 West"]
[Site "Croatia"]
[Date "2020.09.13"]
[Round "2.5"]
[White "Pavletic, Mirko"]
[Black "Sundac, Ivano"]
[Result "0-1"]
[WhiteElo "1658"]
[BlackElo "1580"]
[PlyCount "56"]
[EventDate "2020.09.12"]
[EventType "team-tourn"]
[EventRounds "9"]
[EventCountry "CRO"]
[SourceTitle "EXT 2022"]
[Source "ChessBase"]
[SourceDate "2021.10.06"]
[SourceVersion "1"]
[SourceVersionDate "2021.10.06"]
[SourceQuality "1"]
[WhiteTeam "Gospic"]
[BlackTeam "Crikvenica"]
[WhiteTeamCountry "CRO"]
[BlackTeamCountry "CRO"]

1. e4 c5 2. d3 Nc6 3. Nf3 g6 4. Be3 d6 5. h3 Bg7 6. c3 e6 7. Be2 Nge7 8. 0-0 0-0 9. Nbd2 f5 10. Nb3 f4 11. Bd2 e5 12. c4 h6 13. Bc3 g5 14. Nbd2 Ng6 15. Rb1 h5 16. Nh2 f3 17. Ndxf3 Nf4 18. Bd2 g4 19. Bxf4 gxf3 20. Bxf3 Rxf4 21. Bxh5 Nd4 22. Nf3 Nxf3+ 23. Bxf3 Qg5 24. Kh2 Be6 25. g3 Rf6 26. b4 Raf8 27. Kg2 Rxf3 28. h4 Qg4 0-1